LEADER 01037nam a2200241 i 4500 001 000000214192 003 CaOOAMICUS 005 20140919000000.0 008 140919s1901 it u000 u ita u 013 $a193047 040 $aSeMil$bita 100 1 $aCintolesi, Filippo.$0(OLS)http://semarc/name/76244 245 10$aDizionario di fisica :$bad uso degli studenti e dei professionisti /$cFilippo Cintolesi. 260 $aLivorno :$bRaffaello Giusti,$c1901. 300 $a295 p. ;$c16 cm. 490 0 $aManuali Giusti ;$v16 650 4$aFisica - Enciclopedie e dizionari.$0(OLS)http://semarc/subject/3923 830 0$aManuali Giusti ;$v16.$0(OLS)http://semarc/title/36470 850 $aSeMil 852 $aSeMil$W1$xVenegono$y1$m2ZA VII 1 FA$j164620$B164620$CSeMilBibl$Z2$F175631 $8I 961 $aOmaggio: Biblioteca Seminario Liceale 996 $6245$aDizionario di fisica :$bad uso degli studenti e dei professionisti$9(OLS)http://semarc/title/308672 996 $6260$aLivorno :$bRaffaello Giusti$9(OLS)http://semarc/publisher/30032 LEADER 00745nam a2200205 i 4500 001 000000205245 003 CaOOAMICUS 005 20110818000000.0 008 110818s1936 it u000 u ita u 013 $a183981 040 $aSeMil$bita 100 1 $aRasetti, Franco.$0(OLS)http://semarc/name/73888 245 13$aIl nucleo atomico /$cFranco Rasetti. 300 $a232 p., [4] p. di tav. 500 $aContiene : Bibliografia. 650 4$aFisica nucleare.$0(OLS)http://semarc/subject/10944 773 0 $tTrattato generale di fisica.$dBologna : Zanichelli, 1936.$w()25323 850 $aSeMil 852 $aSeMil$W1$xVenegono$y1$m3W IV 240$j155739$B155739$CSeMilBibl$Z2$F167075 $81 996 $6245$aIl nucleo atomico$9(OLS)http://semarc/title/297105